Essentials of american government: the national government
Guardat en:
| Autor principal: | |
|---|---|
| Format: | Llibre |
| Idioma: | anglès |
| Publicat: |
Nueva York
Appleton-Century-Crofts
1961
|
| Edició: | 8a. ed |
| Col·lecció: | The Century Political Science Series
|
| Matèries: | |
| Etiquetes: |
Afegir etiqueta
Sense etiquetes, Sigues el primer a etiquetar aquest registre!
|
MARC
| LEADER | 00000nam a2200000 a 4500 | ||
|---|---|---|---|
| 001 | UCT7214 | ||
| 003 | CL-VaPUC | ||
| 008 | 970116e19610000US |||||||||||||||||eng|d | ||
| 082 | 0 | 4 | |a 320.473 |b YOU |2 21 |
| 100 | 0 | |a Young, William H |e author |9 378086 | |
| 245 | 1 | 0 | |a Essentials of american government: the national government |
| 250 | |a 8a. ed | ||
| 300 | |a 564 p | ||
| 942 | |c BK | ||
| 945 | |d 19970116 00:00:00 |a paguirre | ||
| 260 | |a Nueva York |b Appleton-Century-Crofts |c 1961 | ||
| 650 | 0 | |a Gobierno |9 255508 | |
| 650 | 0 | |a Constituciones |9 255417 | |
| 650 | 0 | |a Poder político |9 255509 | |
| 650 | 0 | |a Poder ejecutivo |9 255177 | |
| 650 | 7 | |a PRESIDENCIA |2 CL-VaPUC |9 341215 | |
| 650 | 0 | |a Elecciones |9 254997 | |
| 650 | 7 | |a PARTICIPACION POLITICA |2 CL-VaPUC |9 378087 | |
| 650 | 0 | |a Partidos políticos |9 254999 | |
| 650 | 0 | |a Democracia |9 255256 | |
| 650 | 0 | |a Poder legislativo |9 258808 | |
| 650 | 7 | |a CAMARA ALTA |2 CL-VaPUC |9 338612 | |
| 650 | 0 | |a Poder judicial |9 254871 | |
| 651 | 0 | |a Estados Unidos |9 255178 | |
| 583 | |a last modification |c 19970116 00:00:00 |k Rodrigo Vera | ||
| 490 | 0 | |a The Century Political Science Series | |
| 999 | |c 255870 |d 255868 | ||
| 952 | |0 0 |1 0 |4 0 |6 320_473000000000000_YOU_1961 |7 0 |8 P |9 278325 |a BIBDER |b BIBDER |d 2019-11-19 |i 1807552 |l 1 |o 320.473 YOU 1961 |p 1807552 |r 2024-08-16 |s 2024-08-08 |w 2019-11-19 |y BK |k DER | ||